Представление документа в формате RUSMARC

ПолеНазваниеЗначение
  Тип записи a
  Библиографический уровень a
001 Контрольный номер RU/CBS_UL/BASE/585359574
005 Дата корректировки 20240209175227.4
100 Данные общей обработки __
a Данные общей обработки 20180719d2018 ||| 0rusy0189 ca
101 Язык документа 0_
a Язык текста rus
102 Страна публикации __
a Страна публикации RU
105 Кодированные данные (монография) __
a Кодированные данные (монография) y###||||000|y
200 Заглавие и сведения об ответственности 1_
a Заглавие Одной правой
b Общее обозначение материала Текст
e Сведения, относящиеся к заглавию [о военном летчике, Герое РФ - И.А. Леонове]
f Первые сведения об ответственности И. Волонихин
300 Общие примечания __
a Общие примечания Ограничения по возрасту - 16+
461 Уровень набора _0
1 2000
a Огонёк
463 Уровень физической единицы _0
1 001RU/CBS_UL/BASE/583343159
1 2000
a № 16 (7 мая)
v С. 26-27: фото.
1 210
d 2018
600 Персоналии _0
a Персоналии (Фамилия) Леонов
b Персоналии (Имя, инициалы) И.А.
606 Тематические рубрики 0_
a Основная рубрика Леонов, Иван Антонович (1923)
610 Ключевые слова 0_
a Ключевые слова история
a Ключевые слова Великая Отечественная война
a Ключевые слова ветераны
a Ключевые слова герои
a Ключевые слова участники войны
a Ключевые слова летчики
a Ключевые слова Герои Российской Федерации
686 Индексы других классификаций __
a Классификационный индекс 63.3(2)622.78
2 Код системы ББК
700 Автор _1
a Фамилия Волонихин
b Имя (инициалы) И.
801 Источник записи _0
a Страна RU
b Организация МБУК ЦБС г. Ульяновска
c Дата составления 20180719
g Правила каталогизации RCR
801 Источник записи _1
a Страна RU
b Организация МБУК ЦБС г. Ульяновска
c Дата составления 20180719
g Правила каталогизации RCR
901 Тип документа __
t Тип документа b
w Контрольный № источника RU/CBS_UL/BASE/583343159
910 Корректоры записи __
a Корректор записи Библиотека 8
938 Служебная информация __
a Имя БД period